000 00705nam a22002057a 4500
005 20210910104434.0
008 210910b sp ||||| |||| 00| 0 spa d
020 _a847658072X
050 0 4 _aJC 431
_bT46 1988
245 0 0 _aTeorías de la democracia /
_cJosé M. González García, Fernando Quesada Castro coord. ; P. Anderson...[et al].
250 _a1a ed.
260 _aBarcelona :
_bAnthropos,
_c1988
300 _a356 p. ;
_c20 cm.
490 0 _aPensamiento Critico/Pensamiento Utopico ;
_v33
650 7 _aDemocracia
_xTeorias
_2LEMB
650 7 _aFilosofia Politica
_2LEMB
700 1 _aGonzalez Garcia, Jose M.,
_ecoord.
700 1 _aQuesada Castro, Fernando,
_ecoord.
942 _2lcc
_cLIB
999 _c157539
_d157537